Odhad parametrov funkcií kopula pomocou programovacieho jazyka Visual Basic for Application

Gespeichert in:
Bibliographische Detailangaben
1. Verfasser: Simanová, Barbora
Format: Buchkapitel
Sprache:Slowakisch
Schlagworte:
Tags: Tag hinzufügen
Keine Tags, Fügen Sie das erste Tag hinzu!

MARC

LEADER 00000nla a2200000 4500
001 0191296
005 20240502073220.5
041 0 |a slo 
044 |a SK 
245 1 0 |a Odhad parametrov funkcií kopula pomocou programovacieho jazyka Visual Basic for Application  |c Barbora Simanová 
500 |a Abstrakt 
610 2 0 |a vedy aktuárske 
610 2 0 |a modelovanie matematické 
610 2 0 |a modely 
610 2 0 |a programy aplikačné 
610 2 0 |a jazyky programovacie 
100 1 |a Simanová, Barbora